Word Scramble: Famous Historical Figures - Statistics

General Stats
  • This quiz has been taken 42 times
  • The average score is 23 of 26
Answer Stats
Hint Answer % Correct
lA penoaC Al Capone
100%
hengGis hanK Genghis Khan
100%
dfloA tlHrie Adolf Hitler
97%
letbrA nteisEni Albert Einstein
97%
njmiBena klFrnain Benjamin Franklin
97%
eGrgeo ontsihWag George Washington
97%
sseuJ shriCt Jesus Christ
97%
sIcaa tweNno Isaac Newton
94%
eLronaod vDcinia Leonardo Davinci
94%
sloNen aneldMa Nelson Mandela
94%
ooedrThe svletoRoet Theodore Roosevelt
94%
Ahhrbama lLncio Abraham Lincoln
90%
xAlendare alimHnot Alexander Hamilton
90%
rrckiFede sslougDa Frederick Douglass
90%
hJno dmsAa John Adams
90%
hmoasT ffresnoJ Thomas Jefferson
90%
rMak wniaT Mark Twain
87%
ltaW nseyiD Walt Disney
87%
ebBa tRhu Babe Ruth
84%
uJilsu aseCra Julius Caesar
84%
aGlielo liaGlie Galileo Galilei
81%
rlyiaMn orenMo Marilyn Monroe
81%
rleashC inwraD Charles Darwin
77%
osthCrpire slmoolCub Christopher Colombus
77%
dwgiLu nVo theBevnoe Ludwig Von Beethoven
71%
reirtHa mnaTbu Harriet Tubman
68%
No matching quizzes found
Score Distribution
Percent of People with Each Score
Percentile by Number Answered
Your Score History
You have not taken this quiz